| 000 | 00457nam a2200169 a 4500 | ||
|---|---|---|---|
| 001 | 0000-9353 | ||
| 003 | ELIB.Books | ||
| 008 | 110520 1987 | ||
| 035 | _a(ELIB.Books)0000-9505 | ||
| 082 |
_a268.432 _bFee |
||
| 100 | _aFeeney, Stephanic | ||
| 245 | _aWho am I in the Livers of Children? | ||
| 260 |
_bColumbus: Merrill Publishing Company _c1987 |
||
| 650 | _aChristian Education | ||
| 942 |
_2ddc _cBK |
||
| 998 |
_cbat _e2011-05-20 |
||
| 999 |
_c9353 _d9353 |
||